| 000 | 00815cam a2200277 4500 | ||
|---|---|---|---|
| 001 | 1234044 | ||
| 003 | OSt | ||
| 005 | 20230619101930.0 | ||
| 008 | 680301s1968 enk b 000 0 eng | ||
| 010 | _a 68088404 | ||
| 015 | _aB68-03392 | ||
| 040 |
_aDLC _cDLC _dDLC |
||
| 050 | 0 | 0 |
_aHM278 _b.H6 |
| 082 | 0 | 0 |
_a172.2 _bHOR |
| 100 | 1 | _aHorsburgh, H. J. N. | |
| 245 | 1 | 0 |
_aNon-violence and aggression: _ba study of Gandhi's moral equivalent of war _c[by] H. J. N. Horsburgh. |
| 260 |
_aLondon, _aNew York [etc.] _bOxford U.P., _c1968. |
||
| 300 |
_aix, 207 p. _c23 cm. |
||
| 350 | _a35/- | ||
| 504 | _aBibliographical footnotes. | ||
| 600 | 1 | 0 |
_aGandhi, _cMahatma, _d1869-1948. |
| 650 | 0 | _aPassive resistance. | |
| 650 | 0 | _aNonviolence. | |
| 906 |
_a7 _bcbc _corignew _du _encip _f19 _gy-gencatlg |
||
| 942 |
_2ddc _cBK |
||
| 999 |
_c1194 _d1194 |
||